LANGMAN,S M EDICAL EMBRYOLOGY (Record no. 1796)

MARC details
000 -LEADER
fixed length control field 00356nam a2200145Ia 4500
008 - FIXED-LENGTH DATA ELEMENTS--GENERAL INFORMATION
fixed length control field 150201s2014 xx 000 0 und d
082 ## - DEWEY DECIMAL CLASSIFICATION NUMBER
Classification number 611.013
Item number L14S
100 ## - MAIN ENTRY--PERSONAL NAME
Personal name SADLER, T.W.
245 ## - TITLE STATEMENT
Title LANGMAN,S M EDICAL EMBRYOLOGY
250 ## - EDITION STATEMENT
Edition statement 12TH
260 ## - PUBLICATION, DISTRIBUTION, ETC. (IMPRINT)
Name of publisher, distributor, etc. WOLTERS KLUWER
Place of publication, distribution, etc. INDIA
Date of publication, distribution, etc. 2014
300 ## - PHYSICAL DESCRIPTION
Extent 1-384
650 ## - SUBJECT ADDED ENTRY--TOPICAL TERM
Topical term or geographic name as entry element HUMAN ANATOMY
942 ## - ADDED ENTRY ELEMENTS (KOHA)
Source of classification or shelving scheme Dewey Decimal Classification
Koha item type Books
Koha issues (borrowed), all copies 23
Holdings
Withdrawn status Lost status Source of classification or shelving scheme Damaged status Not for loan Collection code Home library Current library Shelving location Date acquired Source of acquisition Cost, normal purchase price SGTU Bill Number Total Checkouts Full call number Barcode Date last seen Date last checked out Bill Date Koha item type
    Dewey Decimal Classification     MEDICAL SGT Medical Library SGT Medical Library Reference Book 14/05/2014 ABC DELHI 795.00 SGTU 4634 21 611.013 L14S FM6131 06/05/2026 01/05/2026 15/07/2014 Books
    Dewey Decimal Classification     MEDICAL SGT Medical Library SGT Medical Library Reference Book 14/05/2014 ABC DELHI 795.00 SGTU 4634 19 611.013 L14S FM6132 04/04/2025 26/03/2025 15/07/2014 Books